Stuttgarter Stadtbezirke auf einer Karte - Statistiken

Allgemein
  • Dieses Quiz wurde 761 mal gespielt
  • Das Durchschnittsergebnis liegt bei 17 aus 23
Antworten auf der Karte
Die Antworten werden auf der Karte rot bzw. grün angezeigt, abhängig davon wie oft sie richtig erraten wurden.
 
Antwortstatistiken
Nr. Stadtbezirk % Korrekt
1 Bad Cannstatt
95%
1 Stuttgart-Mitte
94%
5 Stuttgart-West
94%
2 Stuttgart-Nord
93%
3 Stuttgart-Ost
93%
4 Stuttgart-Süd
93%
15 Vaihingen
86%
5 Feuerbach
83%
18 Zuffenhausen
83%
14 Untertürkheim
81%
10 Obertürkheim
78%
4 Degerloch
75%
7 Möhringen
69%
3 Botnang
68%
13 Stammheim
66%
17 Weilimdorf
65%
11 Plieningen
62%
16 Wangen
60%
9 Münster
58%
6 Hedelfingen
57%
12 Sillenbuch
55%
8 Mühlhausen
53%
2 Birkach
48%
Keine übereinstimmenden Quizze gefunden
Verteilung der Resultate
Anzahl Personen mit jedem Resultat
Perzentil nach korrekt beantworteten Fragen
Ihre Resultats-Entwicklung
Sie haben dieses Quiz noch nicht gespielt